Теория и практика подготовки будущих педагогов средствами реверсивных и иммерсивных технологий (Запись № 13667095)
[ простой вид ]
| 000 -МАРКЕР | |
|---|---|
| контрольное поле | 02260nam0a2200373 4500 |
| 001 - ИДЕНТИФИКАТОР ЗАПИСИ | |
| контрольное поле | RU\NLR\BIBL_A\022349716 |
| 005 - ИДЕНТИФИКАТОР ВЕРСИИ | |
| контрольное поле | 20260420015716.0 |
| 010 ## - МЕЖДУНАРОДНЫЙ СТАНДАРТНЫЙ НОМЕР КНИГИ (ISBN) | |
| Номер (ISBN) | 978-5-9275-4701-2 |
| Тираж | 300 |
| 021 ## - НОМЕР ГОСУДАРСТВЕННОЙ РЕГИСТРАЦИИ | |
| Код страны | российская федерация |
| Номер | КН-П-24-050742 |
| Номер Листа государственной регистраци | КН-П-24-5044 |
| 035 ## - ДРУГИЕ СИСТЕМНЫЕ НОМЕРА | |
| Идентификатор записи | (NLR Aleph) 022349716 |
| 100 ## - ДАННЫЕ ОБЩЕЙ ОБРАБОТКИ | |
| Данные общей обработки | 20241010d2024 k y0rusy50 ca |
| 101 0# - ЯЗЫК РЕСУРСА | |
| Язык текста, звукозаписи и т.д. | русский |
| 102 ## - СТРАНА ПУБЛИКАЦИИ ИЛИ ПРОИЗВОДСТВА | |
| Страна публикации | российская федерация |
| 105 ## - ПОЛЕ КОДИРОВАННЫХ ДАННЫХ: ТЕКСТОВЫЕ МАТЕРИАЛЫ, МОНОГРАФИЧЕСКИЕ | |
| Кодированные данные о монографическом текстовом документе | a z 000yy |
| 181 #0 - ПОЛЕ КОДИРОВАННЫХ ДАННЫХ: ВИД СОДЕРЖАНИЯ | |
| Код вида содержания (ISBD) | i3 |
| Код характеристики содержания (ISBD) | axxe |
| 182 #0 - ПОЛЕ КОДИРОВАННЫХ ДАННЫХ: ТИП СРЕДСТВА | |
| Код типа средства (ISBD) | n - непосредственное |
| 200 1# - ЗАГЛАВИЕ И СВЕДЕНИЯ ОБ ОТВЕТСТВЕННОСТИ | |
| Основное заглавие | Теория и практика подготовки будущих педагогов средствами реверсивных и иммерсивных технологий |
| Сведения, относящиеся к заглавию | монография |
| Первые сведения об ответственности | проф., д. полит. наук С. В. Котов, проф., д. пед. наук Н. П. Петрова, канд. пед. наук Г. С. Котов [и др.] |
| Последующие сведения об ответственности | Министерство науки и высшего образования Российской Федерации, Федеральное государственное бюджетное образовательное учреждение высшего образования "Южный федеральный университет" |
| 203 ## - ВИД СОДЕРЖАНИЯ И ТИП СРЕДСТВА | |
| Вид содержания | Текст |
| Дополнительные сведения об издании | визуальный |
| Тип средства | непосредственный |
| 210 ## - ПУБЛИКАЦИЯ, РАСПРОСТРАНЕНИЕ И ДР. | |
| Место издания, распространения и т.д. | Ростов-на-Дону |
| -- | Таганрог |
| Имя издателя, распространителя и т. д. | Изд-во Южного федерального университета |
| Дата издания, распространения и т.д. | 2024 |
| 215 ## - ФИЗИЧЕСКАЯ ХАРАКТЕРИСТИКА | |
| Специфическое обозначение материала и объем | 181 с. |
| Другие сведения о физической характеристике | ил., табл. |
| Размеры | 20 |
| 300 ## - ОБЩИЕ ПРИМЕЧАНИЯ | |
| Текст примечания | Авт. указаны на обороте тит. с. |
| 320 ## - ПРИМЕЧАНИЯ О НАЛИЧИИ В ДОКУМЕНТЕ БИБЛИОГРАФИИ / УКАЗАТЕЛЯ | |
| Текст примечания | Библиогр.: с. 148–162 (125 назв.) |
| 606 1# - НАИМЕНОВАНИЕ ТЕМЫ КАК ПРЕДМЕТ | |
| Наименование темы | Педагоги |
| Тематический подзаголовок | Подготовка |
| Системный номер авторитетной/нормативной записи | 2350101 |
| Идентификатор авторитетной/нормативной записи | RU\NLR\AUTH\6601627117 |
| 686 1# - ИНДЕКСЫ ДРУГИХ КЛАССИФИКАЦИЙ | |
| Индекс | Ч489.518.2 |
| 701 #1 - ИМЯ ЛИЦА - АЛЬТЕРНАТИВНАЯ ОТВЕТСТВЕННОСТЬ | |
| Начальный элемент ввода | Котов |
| Часть имени, кроме начального элемента ввода | С. В. |
| Расширение инициалов личного имени | Сергей Владимирович |
| 701 #1 - ИМЯ ЛИЦА - АЛЬТЕРНАТИВНАЯ ОТВЕТСТВЕННОСТЬ | |
| Графика поля | Кириллица |
| Материалы, к которым относится поле | rus |
| Начальный элемент ввода | Петрова |
| Часть имени, кроме начального элемента ввода | Н. П. |
| Дополнения к именам, кроме дат | д-р пед. наук |
| Расширение инициалов личного имени | Нина Петровна |
| Системный номер авторитетной/нормативной записи | 48109 |
| Идентификатор авторитетной/нормативной записи | RU\NLR\AUTH\7765180 |
| 701 #1 - ИМЯ ЛИЦА - АЛЬТЕРНАТИВНАЯ ОТВЕТСТВЕННОСТЬ | |
| Начальный элемент ввода | Котов |
| Часть имени, кроме начального элемента ввода | Г. С. |
| Расширение инициалов личного имени | Григорий Сергеевич |
| 712 02 - НАИМЕНОВАНИЕ ОРГАНИЗАЦИИ - ВТОРИЧНАЯ ОТВЕТСТВЕННОСТЬ | |
| Код отношения | Издающая организация |
| Начальный элемент ввода | Южный федеральный университет |
| Идентифицирующий признак | Ростов-на-Дону |
| Системный номер авторитетной/нормативной записи | 683115 |
| Идентификатор авторитетной/нормативной записи | RU\NLR\AUTH\8810090930 |
| 942 ## - ДОПОЛНИТЕЛЬНЫЕ ЭЛЕМЕНТЫ ЗАПИСИ (АБИС) | |
| Тип экземпляра АБИС | Книга |
| 980 ## - КОЛЛЕКЦИЯ | |
| Название коллекции | Национальная библиография |
Нет доступных экземпляров.